Score 0/46 Timer 15:00
26 Plays Today
Hint Answer % Correct
ForgivenessIt's Quiet Uptown
69.6%
BarterAlexander Hamilton
68.2%
PalacesBurn
61.7%
ExpectingYorktown
59.5%
MistreatingSay No To This
58.6%
RaiseThe Story of Tonight
58.1%
TerrainThe World Was Wide Enough
57.9%
CandlelightSatisfied
52.7%
FriskyCabinet Battle #1
52.6%
StressingHelpless
52.5%
ApproachableThe Election of 1800
51.6%
VeteranRight Hand Man
51%
MercilessThe Room Where It Happens
47.4%
DedicatingDear Theodosia
47.4%
TorridThe Reynolds Pamphlet
46.7%
UnlawfulThe Story Of Tonight (reprise)
46.3%
KinTen Duel Commandments
44.2%
StupidAaron Burr, Sir
42.2%
HymnsWait For It
41.3%
RelishThat Would Be Enough
41%
QueryWhat Comes Next?
40.8%
ResemblanceBlow Us All Away
38.6%
HurlYou'll Be Back
38.1%
Hint Answer % Correct
BrinkCabinet Battle #2
37.9%
ProximityA Winter's Ball
37.7%
CamaraderieStay Alive
37.6%
IndifferenceHurricane
37.3%
GiftsGuns and Ships
36.6%
EstablishedWho Lives, Who Dies, Who Tells Your Story
36.5%
PrivatelyThe Adams Administration
35.5%
VirtueWe Know
35.2%
LambWhat'd I Miss
34.5%
FollyTake A Break
34.3%
ChaosFarmer Refuted
34.3%
JuniorNon-Stop
34.1%
ShinyMy Shot
33.6%
UpstartSchuyler Defeated
33%
Meeting'sBest of Wives and Best of Women
32.8%
VacuousWashington On Your Side
31.4%
BluffMeet Me Inside
30.7%
ServeOne Last Time
30.2%
ShoreThe Schuyler Sisters
29.7%
LoomsI Know Him
24.2%
WitnessedHistory Has Its Eyes On You
23.8%
ForgettingStay Alive (reprise)
18.7%
ReckonYour Obedient Servant
18.4%
Remove Ads.
Support Sporcle.
Get the best of Sporcle when you Go Orange. This ad-free experience offers more features, more stats, and more fun while also helping to support Sporcle. Thank you for becoming a member.

You're not logged in!

Compare scores with friends on all Sporcle quizzes.
OR
Log In

Sporcle TV

Today on Sporcle TV


Watch our educational content, quiz creation guides, and fun videos on Sporcle TV.

Show Comments

Extras

Top Quizzes Today


Score Distribution

Paid Content

Your Account Isn't Verified!

In order to create a playlist on Sporcle, you need to verify the email address you used during registration. Go to your Sporcle Settings to finish the process.

Report this User

Report this user for behavior that violates our Community Guidelines.

Details: